000 00862nas a2200253 4500
001 BR7700226
003 BR-BrBNA
005 20231205083036.0
007 ta
008 230509b bl.|||p| |||| 00| 00por d
040 _aBR-BrBNA
_bpor
_cBiblioteca Nacional de Agricultura
041 _a(Pt)
072 _aL36; L30
100 1 _aCampos, E.J.
100 1 _aAlbuquerque Filho, G.C.
245 1 _aEfeitos do uso de comedouros automaticos tipo "corrente" dotados de baixa velocidade de rotacao sobre a composicao para aves
650 _aAVE DOMESTICA
650 _aCOMEDOURO
650 _aCOMPOSICAO DE ALIMENTO
650 _aRACAO
773 0 _tArquivos da Escola de Veterinaria da Universidade Federal de Minas Gerais (Brazil)
_xISSN 0365-8384
_g(1976), v. 28(2) p. 169-172
_wBR7700226
909 _a202311
_bLúcia
_c55
_dLúcia Elande
942 _2AGRIS
_n0
_cANA
999 _c95968
_d95968